000 02360cam a22001934a 4500
005 20250605164103.0
008 250528s ||||||||||||||||||||||||d
035 _a17619
020 _a9789603335931
040 _aGR-AtMCL
_bgre
_dGR-AtMCL
_eAACR2
245 1 _aΕισαγωγή στις Βιολογικές Επιστήμες και η Διδακτική τους
260 _bΓρηγόρης,
_c2009
300 _a304
520 _aΤο βιβλίο αυτό προσπαθεί να συνδυάσει με εισαγωγή στις Βιολογικές Επιστήμες με τη Διδακτική της Βιολογίας. Πρόλογος, Εξέλιξη με Φυσική Επιλογή: Το Κλειδί για την Κατανόηση της Ομοιομορφίας και της Ποικιλομορφίας της Ζωής, Εισαγωγή στην Μεντελική Κληρονομικότητα, Σύντομη Εισαγωγή στη Γενετική του Κυττάρου, Το Γενετικό Υλικό, Ιστορική Θεώρηση της Ανακάλυψης του Γενετικού Κώδικα, Πρόληψη Γενετικών Νοσημάτων, Ταξινόμηση των Ζωντανών Οργανισμών - Βασίλειο των Ζώων, Το Βασίλειο των Φυτών, Νευρικό Σύστημα, Γνωστικές Θεωρίες Μάθησης, Διδακτική των ΦΕ - Εποικοδομητισμός, Για την Εννοιολογική Αλλαγή στις ΦΕ και τη Βιολογία, Χρήση Μοντέλων και Αναλογιών στην Διδασκαλία των ΦΕ και της Βιολογίας, Χάρτες Εννοιών στη Βιολογία, Ιδέες των Μαθητών για την Εξέλιξη και τη Φυσική Επιλογή, Συνεργατική Μάθηση/ Ομαδοκεντρική Διδασκαλία στη Διδασκαλία της Βιολογίας, Εφαρμογή, Ανακαλυπτική Διδασκαλία, Η Διδασκαλία της Βιολογίας ως Διερεύνηση και Αναζήτηση, Αποτελεσματική Μάθηση και Διδασκαλία.
700 1 _aΑθανασίου Κυριακός
_93803
942 _cBK
999 _c3022
_d3022